Economics for the built environment (Record no. 75705)

MARC details
000 -LEADER
fixed length control field 01001nam a2200229 a 4500
008 - FIXED-LENGTH DATA ELEMENTS--GENERAL INFORMATION
fixed length control field 120416s1993 ||||||||||||||||| || u
020 ## - INTERNATIONAL STANDARD BOOK NUMBER
International Standard Book Number 0750616032
050 ## - LIBRARY OF CONGRESS CALL NUMBER
Classification number HD 1390 War
100 ## - MAIN ENTRY--PERSONAL NAME
Personal name Warren, Marcus
245 10 - TITLE STATEMENT
Title Economics for the built environment
260 ## - PUBLICATION, DISTRIBUTION, ETC.
Place of publication, distribution, etc. Oxford
Name of publisher, distributor, etc. Butterworth-Heinemann
Date of publication, distribution, etc. 1993
300 ## - PHYSICAL DESCRIPTION
Extent xv, 267p. : ill.
350 ## -
-- 0.00
500 ## - GENERAL NOTE
General note Includes index.
650 ## - SUBJECT ADDED ENTRY--TOPICAL TERM
Topical term or geographic name entry element REAL ESTATE DEVELOPMENT
650 ## - SUBJECT ADDED ENTRY--TOPICAL TERM
Topical term or geographic name entry element LAND USE
650 ## - SUBJECT ADDED ENTRY--TOPICAL TERM
Topical term or geographic name entry element CONSTRUCTION INDUSTRY
650 ## - SUBJECT ADDED ENTRY--TOPICAL TERM
Topical term or geographic name entry element ESTATE
995 ## -
-- MAIN LIBRARY OPEN ACCESS
-- 0.00
-- 729885
-- CBU-MAIN LIBRARY (Kitwe)
-- 3
-- 0.00
-- HD 1390 War
-- 3
-- AVAILABLE
-- 023806
-- Main Library Open Access Collection
995 ## -
-- BINDERY (DAMAGED)
-- 0.00
-- 728986
-- CBU-MAIN LIBRARY (Kitwe)
-- 2
-- 0.00
-- HD 1390 War
-- 1
-- DAMAGED
-- Apr 24, 2006
-- 020951
-- Main Library Open Access Collection
995 ## -
-- MAIN LIBRARY OPEN ACCESS
-- 0.00
-- 729025
-- CBU-MAIN LIBRARY (Kitwe)
-- 1
-- 0.00
-- HD 1390 War
-- 2
-- AVAILABLE
-- 020964
-- Main Library Open Access Collection
999 ## -
-- 75705
-- 75705
Holdings
Withdrawn status Lost status Source of classification or shelving scheme Damaged status Not for loan Permanent Location Current Location Shelving location Date acquired Total Checkouts Full call number Barcode Date last seen Copy number Price effective from Koha item type
          CBU-MAIN LIBRARY, KITWE. CBU-MAIN LIBRARY, KITWE.   04/24/2023   HD 1390 War 023806 04/24/2023 1 04/24/2023 MONOGRAPH
          CBU-MAIN LIBRARY, KITWE. CBU-MAIN LIBRARY, KITWE.   04/24/2023   HD 1390 War 020951 04/24/2023 2 04/24/2023 MONOGRAPH
          CBU-MAIN LIBRARY, KITWE. CBU-MAIN LIBRARY, KITWE.   04/24/2023   HD 1390 War 020964 04/24/2023 3 04/24/2023 MONOGRAPH